=LDR 00000nam 2200000 4500 =001 INLIS000000000036594 =005 20130612142354 =008 ***********************************Ind** =035 ##$$0010-061300000036594 =041 ##$$a Ind =082 ##$$a F Rom K =090 ##$$a F Rom K, Les a =100 ##$$a Lesmana, Malinda =245 ##$$a A prote's lifa with captain red maoustache, Merlinda Lesmana =260 ##$$a 2009 $b Jakarta =300 ##$$a 20 hlm, ilus, 28 cm =650 ##$$a Fiksi kanak-kanak =850 ##$$a NBPNMAT